000 00564nam a2200193Ia 4500
003 GCL
008 140319s9999 xx 000 0 ara d
040 _aGCL /
_cGCL
082 0 4 _aق
_b916.212
_bهـ ا
100 1 _aهيئة الاثار المصرية
245 1 0 _aاثار رشيد /
_cهيئة الاثار المصرية
260 _a[S.N] :
_bهيئة الاثار المصرية ،
_c1985
490 _a
650 0 4 _aمصر
650 0 4 _aالاثار الاسلامية
650 0 4 _aالمساجد
650 0 4 _aالمنازل
942 _2ddc
_cBK
999 _c52418
_d52418